Environment People and Management/ (Record no. 211448)

MARC details
000 -LEADER
fixed length control field 00555nam a22001697a 4500
005 - DATE AND TIME OF LATEST TRANSACTION
control field 20250529160852.0
010 ## - LCCN (DPL NO)
LC control number ENG-145053
020 ## - INTERNATIONAL STANDARD BOOK NUMBER
International Standard Book Number 9789385502156
Terms of availability 500.00
035 ## - SYSTEM CONTROL NUMBER
System control number EN-128585
037 ## - SOURCE OF ACQUISITION
Source of stock number/acquisition DBAB
082 ## - DEWEY DECIMAL CLASSIFICATION NUMBER
Classification number 363.7
245 ## - TITLE STATEMENT
Title Environment People and Management/
Statement of responsibility, etc Edited by Subrata Pan...[et.al]
260 ## - PUBLICATION, DISTRIBUTION, ETC. (IMPRINT)
Place of publication, distribution, etc New Delhi
Name of publisher, distributor, etc Renu Publishers
Date of publication, distribution, etc 2016
270 ## - ADDRESS
Address 90, Sainik Vihar, Mohan Garden
City New Delhi
Postal code 110059
Telephone number 011-23256188
Electronic mail address renupublishers@gmail.com
300 ## - PHYSICAL DESCRIPTION
Extent xxxiii,263p.
Dimensions 24cm(pb)
942 ## - ADDED ENTRY ELEMENTS (KOHA)
Source of classification or shelving scheme Dewey Decimal Classification
Item type English Books
Classification part 363.7
Call number suffix ENV
Holdings
Withdrawn status Lost status Not for loan Collection code Home library Current library Date acquired Source of acquisition Cost, normal purchase price Full call number Barcode Copy number Cost, replacement price Koha item type
      Non-fiction New Police Line New Police Line 29/05/2025 Delivery of Books Act Division 500.00 363.7 ENV EN-128585 1 500.00 English Books

© Delhi Public Library
Hit Counter
free hit counter